Normal view
MARC view
Entry Personal Name
001 - CONTROL NUMBER
- control field: 60055
003 - CONTROL NUMBER IDENTIFIER
- control field: OSt
005 - DATE AND TIME OF LATEST TRANSACTION
- control field: 20260410145204.0
008 - FIXED-LENGTH DATA ELEMENTS
- fixed length control field: 260410|| aca||aabn | a|a d
040 ## - CATALOGING SOURCE
- Original cataloging agency: OSt
- Transcribing agency: OSt
100 ## - HEADING--PERSONAL NAME
- Personal name: Chubaienla Imchen Temjenzulu Y. Jamir
670 ## - SOURCE DATA FOUND
- Source citation: Work cat.: (OSt): Chubaienla Imchen Temjenzulu Y. Jamir, Education-Job Mismatch and its Effect on Income in Nagaland
